Clío

Wedi'i Gadw mewn:
Manylion Llyfryddiaeth
Prif Awdur: Péguy, Charles
Fformat: Llyfr
Iaith:Undetermined
Cyhoeddwyd: París, Francia Gallimard 1932
Rhifyn:6
Pynciau:
Tagiau: Ychwanegu Tag
Dim Tagiau, Byddwch y cyntaf i dagio'r cofnod hwn!

MARC

LEADER 00000nam a2200000Ia 4500
008 170316s9999 xx 000 0 und d
040 |a cru BVZT 
090 |a 840 P-7c 
100 |a Péguy, Charles 
245 |a Clío 
250 |a 6 
260 |a París, Francia 
260 |b Gallimard 
260 |c 1932 
300 |a 276 páginas 
650 |a LITERATURA FRANCESA 
999 |c 7907  |d 7907 
942 |c 15 D  |h 840 P-7c  |2 z